00464nam a2200157 a 4500001000500000005001700005008004100022020001800063050001700081245005600098260005000154300002700204440002000231500004000251650001500291325320140414131926.0060215s19uu xx 00 eng d a0-7214-1549-0 aERbW63 1993 aWizard of Oz (The) /cillustrated by Angus McBride. aLeicesterashire, UK :bLadybird Bookd,c1993. a1 v., p. : ill. ; cm. aFavourite tales abased on the story of L. Frank Baum aFolktales.